000 00931nam a22002537a 4500
999 _c19823
_d19823
003 AR-CdUCM
008 190522b ||||| |||| 00| 0 spa d
040 _aMUNICIPALIDAD PROVINCIAL DEL CUSCO
_cBIBLIOTECA MUNICIPAL DEL CUSCO
041 _heng
082 _a338.52 /
_bF83
100 _aFriedman, Milton
_938389
245 _aTeoría de los precios :
_bapuntes para un curso en la Universidad de Chicago /
260 _aMadrid :
_bAlianza Editorial,
_c1966.
300 _a363 páginas ;
_c23 cm.
440 _aBiblioteca de ciencias económica
_941453
505 _aContenido: Introducción -- La teoría de la demanda -- Los efectos de los impuestos sobre el bienestar...
650 _aPrecios
_95669
650 _aEconomía
_9382
650 _aLa demanda
_941454
700 _aVergara, José (traducción)
_941455
700 _aSan Román, L. de (traducción)
_941456
942 _2ddc
_cLIBROS
945 _adavv
_d2019-05-22